10 Deadliest Epidemics - Statistics

General Stats
  • This quiz has been taken 175 times
    111 since last reset
  • The average score is 6 of 10
Answer Stats
Hint Disease % Correct
This 14th century scourge is considered the first pandemic on earth. Bubonic Plague
94%
Emerging in 1918, it is considered one of the deadliest outbreaks in history. Influenza / Spanish Flu
82%
This disease killed 90 million Native Americans when it was brought to the New World. Smallpox
80%
Emerging in the 1980’s, it has killed more than 25 million people worldwide. AIDS
77%
Mostly targeting children, this disease affects the legs and can lead to paralysis. Polio
69%
This lung disease traces back to the DNA of Egyptian mummies. Tuberculosis
63%
This mosquito-born illness is epidemic in sub-Saharan Africa. Malaria
54%
Like malaria, this disease spreads from person to person through infected mosquitoes. Yellow Fever
45%
This disease was common in India before spreading worldwide in the 19th century. Cholera
33%
Spread during the Thirty Years War in the 1600s, this scourge claimed over 10 million lives. Typhus
8%
No matching quizzes found
Score Distribution
Percent of People with Each Score
Percentile by Number Answered
Your Score History
You have not taken this quiz since the last reset